[Event "Wellington CC Summer Cup"]
[Site "Wellington"]
[Date "2023.03.02"]
[Round "4"]
[White "Frost, Paul"]
[Black "Jackson, L Ross"]
[Result "0-1"]
[WhiteElo "1799"]
[BlackElo "1885"]
[PlyCount "82"]
[EventDate "2023.02.10"]
[EventType "swiss"]
[EventRounds "8"]
[EventCountry "NZL"]
[SourceTitle "EXT 2025"]
[Source "ChessBase"]
[SourceDate "2024.10.14"]
[SourceVersion "1"]
[SourceVersionDate "2024.10.14"]
[SourceQuality "1"]

1. Nf3 d5 2. c4 c6 3. e3 Nf6 4. Nc3 a6 5. b3 Bg4 6. Be2 e6 7. Bb2 Nbd7 8. h3 Bh5 9. g4 Bg6 10. g5 Ne4 11. h4 h6 12. gxh6 Rxh6 13. d3 Nef6 14. Qd2 dxc4 15. dxc4 Qc7 16. 0-0-0 b5 17. Nd4 e5 18. Nc2 b4 19. Na4 Ne4 20. Qe1 a5 21. f3 Nec5 22. Nxc5 Nxc5 23. Rd2 a4 24. bxa4 Nxa4 25. e4 Nxb2 26. Kxb2 Bc5 27. Rd3 Qa5 28. Qb1 Bh5 29. Rg1 Kf8 30. Rg5 f6 31. Rg2 Bf7 32. Rd7 Rxh4 33. Rd1 Qa6 34. Ka1 Bxc4 35. Bxc4 Qxc4 36. Kb2 Qc3+ 37. Kc1 Qxf3 38. Rgd2 Rxe4 39. Rd8+ Rxd8 40. Rxd8+ Ke7 41. Rd1 Qc3 0-1